00670nam a2200157Ia 4500008004100000082002800041245011900069250001000188260002200198300001100220440002700231650009800258700003700356952010200393999001700495120622s9999 xx 000 0 und d a331.28220972 S623m 1978 aLa situación del minero asalariado en la Nueva España a fines del siglo XVIII / selec. de Luis Chávez Orozco a2a ed aMéxico : CEHSMO a103 p. aCuadernos obreros ; 19 a1. SALARIOS EN LA INDUSTRIA MINERA - MEXICO - SIGLO XVIII \ 2. MINEROS - MEXICO - SIGLO XVIII aChávez Orozco, Luis ; comp.Ì 00104070a01b01d2007-01-25l0o331.28220972 S623M 1978p01 009460r2012-06-24w2012-06-24yLB c59739d59739